Analýza rizík v strojárenskom priemysle
Modelovanie rizík v integrovanom manažérskom systéme. Analýza rizík metódou Failure Mode and Effect Analysis. Analýza manažérstva rizík vybraného produktu.
Saved in:
| Main Author: | |
|---|---|
| Format: | Book Chapter |
| Language: | Slovak |
| Subjects: | |
| Tags: |
No Tags, Be the first to tag this record!
|
MARC
| LEADER | 00000nla a2200000 4500 | ||
|---|---|---|---|
| 001 | 0226783 | ||
| 005 | 20240502073734.2 | ||
| 041 | 0 | |a slo | |
| 044 | |a SK | ||
| 245 | 1 | 0 | |a Analýza rizík v strojárenskom priemysle |c Lenka Štofová |
| 520 | |a Modelovanie rizík v integrovanom manažérskom systéme. Analýza rizík metódou Failure Mode and Effect Analysis. Analýza manažérstva rizík vybraného produktu. | ||
| 610 | 2 | 0 | |a systémy integrované manažérske |
| 610 | 2 | 0 | |a priemysel strojársky |
| 610 | 2 | 0 | |a modelovanie ekonometrické |
| 610 | 2 | 0 | |a riadenie rizík |
| 610 | 2 | 0 | |a risk management |
| 100 | 1 | |a Štofová, Lenka, 1989- | |